Komparácia inovačnej výkonnosti vybraných krajín EÚ

Spôsoby zvyšovania úrovne produktu hospodárstva krajiny. Vzťah medzi inovačnou výkonnosťou krajín Európskej únie a ich ekonomickou vyspelosťou. Klasifikácia krajín EÚ27 z hľadiska vybraných ukazovateľov v roku 2009.

Gespeichert in:
Bibliographische Detailangaben
1. Verfasser: Kropková, Zlata
Format: Buchkapitel
Sprache:Slowakisch
Schlagworte:
Tags: Tag hinzufügen
Keine Tags, Fügen Sie das erste Tag hinzu!

MARC

LEADER 00000naa a2200000 4500
001 0123751
005 20240605074326.9
041 0 |a slo 
044 |a SK 
245 1 0 |a Komparácia inovačnej výkonnosti vybraných krajín EÚ  |c Zlata Kropková 
520 |a Spôsoby zvyšovania úrovne produktu hospodárstva krajiny. Vzťah medzi inovačnou výkonnosťou krajín Európskej únie a ich ekonomickou vyspelosťou. Klasifikácia krajín EÚ27 z hľadiska vybraných ukazovateľov v roku 2009. 
610 2 0 |a Európska únia 
610 2 0 |a stratégia inovačná 
610 2 0 |a výkonnosť ekonomiky 
610 2 0 |a produkt domáci hrubý 
610 2 0 |a odvetvia výrobné 
610 2 0 |a korelácia 
610 2 0 |a ukazovatele ekonomické 
610 2 0 |a ukazovatele makroekonomické 
610 2 0 |a analýza zhluková 
100 1 |a Kropková, Zlata